| 000 | 00463nam a2200181Ia 4500 | ||
|---|---|---|---|
| 001 | 17361 | ||
| 005 | 20260306171512.0 | ||
| 008 | 260306s9999||||xx |||||||||||||| ||und|| | ||
| 041 | _aESP | ||
| 082 |
_a657.8 _bA64B |
||
| 100 |
_aApaza Meza, Mario _eAUT |
||
| 245 | 0 | _aNuevo plan contable general empresarial concordado con NIIF´s por sectores económicos | |
| 260 | _c2010 | ||
| 300 |
_a _c |
||
| 650 | _aGEN | ||
| 654 | _aCCO | ||
| 942 |
_cLIB _dJUS _fJUS _2ddc _n |
||
| 999 |
_c17361 _d17361 |
||